000 00755cab a2200289 4500
001 WB3112-36
008 090401t1995 xxu||||| |||| 00| 0 eng d
035 _a(Sirsi) u35866
041 _aeng
245 _aGeneva
260 _c1995
300 _aLOAN
350 _a0
490 _aFinancial Times
_v23 March 1995 (6)
520 _aA survey of Geneva, considering transport, tourism, the economy, politics and the international role as the headquarters of WTO.
650 _aECONOMY
650 _aGENEVA
650 _aSWITZERLAND
650 _aTOURISM
650 _aTRANSPORT
650 _aWORLD TRADE ORGANISATION
650 _aWTO
690 _aOVERSEAS-EUROPE
690 _aSPECIAL REPORTS
942 _n0
948 _c04/03/1997
999 _c23446
_d23446